| 000 | 00392nam a2200157 a 4500 | ||
|---|---|---|---|
| 001 | 3496 | ||
| 003 | CDMR | ||
| 005 | 20130625122902.0 | ||
| 008 | 130130s1984||||||||||||||||||||||||||||d | ||
| 040 |
_aCDMR _bcat _cCDMR |
||
| 100 | 1 |
_aAlkin, Glyn _92510 |
|
| 245 | 1 | 0 | _aTV. Técnicas de sonido |
| 260 |
_aBarcelona _c1984 _bHispano Europea |
||
| 650 | 0 | 4 |
_93785 _aTelevisió _xTècnica |
| 942 |
_cMON _2udc |
||
| 999 |
_c3496 _d3496 |
||